All Spells in Hogwarts Legacy - Statistics

General Stats
  • This quiz has been taken 242 times
  • The average score is 15 of 32
Answer Stats
Spell Type Answer % Correct
Unforgivable Curse Crucio
91%
Unforgivable Curse Avada Kedavra
84%
Unforgivable Curse Imperio
82%
Force Accio
80%
Utility Wingardium Leviosa
76%
Utility Lumos
75%
Damage Expelliarmus
72%
Control Levioso
66%
Damage Incendio
61%
Damage Bombarda
59%
Damage Confringo
59%
Force Depulso
59%
Utility Reparo
58%
Essential Revelio
58%
Force Flipendo
55%
Damage Diffindo
53%
Control Glacius
50%
Essential Alohomora
48%
Essential Stupefy
48%
Essential Protego
46%
Force Descendo
41%
Essential Petrificus Totalus
39%
Control Arresto Momentum
38%
Essential Basic Cast
29%
Utility Disillusionment
22%
Transfiguration Evanesco
22%
Control Transformation
18%
Utility Nab-Sack
11%
Utility Beast feed
10%
Utility Beast Petting Brush
10%
Transfiguration Altering Spell
7%
Transfiguration Conjuring Spell
6%
No matching quizzes found
Score Distribution
Percent of People with Each Score
Percentile by Number Answered
Your Score History
You have not taken this quiz